| 000 | 01215nam0a22002891 4500 | ||
|---|---|---|---|
| 001 | rc\941411 | ||
| 005 | 20250622051643.0 | ||
| 035 | _a(NLR Aleph) 006113896 | ||
| 090 |
_a5388530 _c5388530 |
||
| 100 | _a20041129d1982 |||y0rusy50 ca | ||
| 101 | 0 | _arus | |
| 102 | _aRU | ||
| 105 | _aa ||||||||| | ||
| 200 | 1 |
_aОпасности нарушения кровообращения в печени после ее фиссуральной резекции _dRisk of defecting hepatic circulation following fissural resection _e(Топогр.-анатом. и эксперим. исслед.) |
|
| 210 |
_aТбилиси _cМецниереба _d1982 |
||
| 215 |
_a88 с., 8 л. ил. _d21 |
||
| 300 | _aЗагл. также: груз. | ||
| 300 | _aВ надзаг.: АН ГССР, Ин-т эксперим. морфологии им. А.Н. Натишвили | ||
| 300 | _aРез.: англ. | ||
| 320 | _aБиблиогр.: с. 76-87 | ||
| 510 | 0 | _aRisk of defecting hepatic circulation following fissural resection | |
| 700 | 1 |
_aИзраелашвили _bМ.Ш. _gМераб Шотаевич |
|
| 801 | 0 |
_aRU _bNLR _gpsbo |
|
| 801 | 1 |
_aRU _bELAR _2rusmarc |
|
| 852 |
_aNLR _j82-6/6907 |
||
| 942 | _cBOOK | ||
| 980 | _aNB | ||